[Event "Schachfestival 2024-Senioren"]
[White "Stern Robert"]
[Black "Collins Alan"]
[Site "Bad Woerishofen "]
[Round "1.52"]
[Result "1-0"]
[Date "2024.03.10"]
[WhiteElo "1962"]
[BlackElo "1743"]
[PlyCount "45"]
[GameId "2118793979039874"]
[EventDate "2024.03.08"]
[BlackTeam "Cowley"]

1. e4 d6 2. d4 Nf6 3. Nc3 c6 4. f4 Qa5 5. Bd3 e5 6. Nf3 exd4 7. Nxd4 Qb6 8. Be2 Be7 9. a3 a5 10. Be3 Qc7 11. O-O Nbd7 12. Nf5 g6 13. Nxe7 Kxe7 14. f5 gxf5 15. exf5 Ne5 16. Qd4 Bd7 17. Bg5 Rag8 18. Ne4 Rxg5 19. Nxg5 Rg8 20. Ne4 c5 21. Nxf6 Rxg2+ 22. Kxg2 Kxf6 23. Qh4+ 1-0

[Event "Schachfestival 2024-Senioren"]
[White "Lachat Martin"]
[Black "Diotallevi Maurizio"]
[Site "Bad Woerishofen "]
[Round "1.53"]
[Annotator "wempe"]
[Result "1/2-1/2"]
[Date "2024.03.10"]
[WhiteElo "1742"]
[BlackElo "1959"]
[PlyCount "101"]
[GameId "2118793979039875"]
[EventDate "2024.03.08"]
[WhiteTeam "SC Schlieren"]

1. c4 e6 2. d4 Nf6 3. Nc3 d5 4. cxd5 exd5 5. Nf3 c6 6. e3 Bd6 7. Be2 Bf5 8. O-O Nbd7 9. Bd3 Bg4 10. Be2 O-O 11. h3 Bh5 12. Nh2 Bg6 13. Bd3 Re8 14. Bxg6 hxg6 15. a3 a5 16. Bd2 Ne4 17. Be1 Qe7 18. Qc2 Ndf6 19. Rb1 Nxc3 20. Bxc3 a4 21. Nf3 Nd7 22. Ne1 Nb6 23. Nd3 Qe4 24. Ne1 Nc4 25. Qxe4 Rxe4 26. Nd3 b5 27. Rfd1 Rc8 28. Bb4 Bb8 29. b3 axb3 30. Rxb3 Ba7 31. Rbb1 Bb6 32. Ra1 Ra8 33. Ra2 Ree8 34. Rda1 Ra4 35. Nb2 Nxb2 36. Rxb2 Ba5 37. Rc1 Bxb4 38. axb4 Rc8 39. Kf1 Kf8 40. Ke2 Ke7 41. Kf3 Kd7 42. Kf4 f6 43. e4 dxe4 44. Kxe4 Kd6 45. Kd3 Ra3+ 46. Kd2 Kd5 47. Rc3 Rca8 48. Rc5+ Kxd4 49. Rxc6 Rd3+ 50. Ke2 Rda3 51. Rd6+ 1/2-1/2

[Event "Schachfestival 2024-Senioren"]
[White "Hafner Robert"]
[Black "Cremonini Stefano"]
[Site "Bad Woerishofen "]
[Round "1.54"]
[Annotator "wempe"]
[Result "1-0"]
[Date "2024.03.10"]
[WhiteElo "1953"]
[BlackElo "1734"]
[PlyCount "93"]
[GameId "2118793979052164"]
[EventDate "2024.03.08"]
[WhiteTeam "Admira Villach"]
[BlackTeam "Bologna"]

1. d4 d5 2. Nf3 c6 3. e3 Nf6 4. Be2 Bf5 5. b3 h6 6. Bb2 Nbd7 7. Nbd2 e6 8. O-O Be7 9. c4 O-O 10. a3 a5 11. Re1 Ne4 12. Nxe4 Bxe4 13. Nd2 Bh7 14. Bf1 Nf6 15. g3 Re8 16. Rc1 Qb8 17. Qe2 Bd6 18. Bg2 Qd8 19. e4 dxe4 20. Nxe4 Nxe4 21. Bxe4 Bxe4 22. Qxe4 Qd7 23. Qg4 Bf8 24. Rcd1 Qe7 25. d5 Rad8 26. dxe6 fxe6 27. Rxd8 Qxd8 28. Rd1 Qe7 29. Qg6 Qf7 30. Qxf7+ Kxf7 31. a4 Bb4 32. Kf1 h5 33. h3 g6 34. Ke2 Re7 35. Be5 Ke8 36. f3 Rd7 37. Rd3 Ke7 38. Rxd7+ Kxd7 39. Kd3 Ke7 40. Ke4 Kf7 41. Kd4 Ke7 42. g4 hxg4 43. fxg4 Ba3 44. h4 Kf7 45. Ke4 Bb4 46. h5 gxh5 47. gxh5 1-0

[Event "Schachfestival 2024-Senioren"]
[White "Fischer Johann"]
[Black "Wild Helmut"]
[Site "Bad Woerishofen "]
[Round "1.55"]
[Annotator "wempe"]
[Result "0-1"]
[Date "2024.03.10"]
[WhiteElo "1733"]
[BlackElo "1953"]
[PlyCount "66"]
[GameId "2118793979052165"]
[EventDate "2024.03.08"]
[WhiteTeam "SK krumbach"]
[BlackTeam "SK Gau-Algesheim"]

1. e4 c6 2. Bc4 d5 3. exd5 cxd5 4. Bb3 Nf6 5. d4 Bg4 6. Ne2 Nc6 7. c3 e6 8. O-O Bd6 9. Qd3 O-O 10. Bg5 h6 11. Bxf6 Qxf6 12. Ng3 g6 13. f3 Bf5 14. Nxf5 Qxf5 15. Qe2 a6 16. Bc2 Qf6 17. Nd2 Rfc8 18. Rf2 Nxd4 19. cxd4 Rxc2 20. Qe3 Qf4 21. Qxf4 Bxf4 22. Nf1 Rac8 23. Rxc2 Rxc2 24. g3 Bg5 25. b3 Bf6 26. Rd1 Rxa2 27. Ne3 h5 28. g4 Bg5 29. Nf1 hxg4 30. fxg4 b5 31. Rd3 a5 32. Ne3 Bxe3+ 33. Rxe3 Rd2 0-1

[Event "Schachfestival 2024-Senioren"]
[White "Krasnopeyeva Yuliya"]
[Black "Auschkalnis Reinhard"]
[Site "Bad Woerishofen "]
[Round "1.56"]
[Annotator "wempe"]
[Result "1-0"]
[Date "2024.03.10"]
[WhiteElo "1950"]
[BlackElo "1732"]
[PlyCount "83"]
[GameId "2118793979052166"]
[EventDate "2024.03.08"]
[WhiteTeam "TSV Schott Mainz"]
[BlackTeam "SC Bonn Beuel"]

1. e4 c5 2. Nf3 d6 3. d4 cxd4 4. Nxd4 a6 5. Nc3 Nf6 6. f3 e5 7. Nb3 Be6 8. Be3 Be7 9. Qd2 O-O 10. O-O-O b5 11. Nd5 Bxd5 12. exd5 Nbd7 13. Na5 Qc7 14. Nc6 Rfe8 15. Nxe7+ Rxe7 16. g4 Rc8 17. Qf2 Nc5 18. g5 Nfd7 19. h4 b4 20. Kb1 a5 21. h5 a4 22. Rh4 Rb8 23. g6 f6 24. h6 Qa5 25. gxh7+ Kh8 26. hxg7+ Rxg7 27. Bh3 b3 28. a3 bxc2+ 29. Qxc2 Qd8 30. Bxd7 Rxd7 31. Bxc5 dxc5 32. Qxc5 Rdb7 33. Rd2 f5 34. Rxa4 Qg5 35. Qc3 Kxh7 36. Ka2 Qe7 37. Ra6 Rb6 38. Rxb6 Rxb6 39. Qc8 Qf7 40. Qd8 Rh6 41. Rc2 Qg8 42. Qd7+ 1-0

[Event "Schachfestival 2024-Senioren"]
[White "Grandl Klaus"]
[Black "Stern Geoffrey"]
[Site "Bad Woerishofen "]
[Round "1.57"]
[Result "0-1"]
[Date "2024.03.10"]
[WhiteElo "1726"]
[BlackElo "1950"]
[PlyCount "34"]
[GameId "2118793979052167"]
[EventDate "2024.03.08"]
[WhiteTeam "SF Windach"]
[BlackTeam "Gambit Bonnevoie"]

1. e4 e6 2. Nf3 d5 3. exd5 exd5 4. d4 Nc6 5. h3 Nf6 6. Be3 Bd6 7. Nbd2 Bf5 8. c3 O-O 9. Be2 Ne7 10. O-O Ng6 11. Bg5 h6 12. Bxf6 Qxf6 13. Nh2 Nf4 14. Bg4 Bd3 15. Re1 Qg6 16. Kh1 Ba6 17. Be2 Qxg2# 0-1

[Event "Schachfestival 2024-Senioren"]
[White "Heid Michael"]
[Black "Mahrla Hans Dr."]
[Site "Bad Woerishofen "]
[Round "1.58"]
[Annotator "wempe"]
[Result "1-0"]
[Date "2024.03.10"]
[WhiteElo "1944"]
[BlackElo "1722"]
[PlyCount "105"]
[GameId "2118793979052168"]
[EventDate "2024.03.08"]
[WhiteTeam "Matt im Park Frankfurt"]
[BlackTeam "SC Eichenau"]

1. d4 e6 2. Bf4 d5 3. e3 c5 4. c3 Nc6 5. Bd3 cxd4 6. exd4 Nf6 7. Nd2 a6 8. a4 Bd7 9. Ngf3 Rc8 10. O-O Na5 11. Ne5 Nc4 12. Ndxc4 dxc4 13. Nxc4 Nd5 14. Be5 Rc6 15. b3 Qc8 16. Re1 f6 17. Bg3 Be7 18. Ne3 Rb6 19. Qc2 Nb4 20. cxb4 Qxc2 21. Bxc2 Rxb4 22. h3 Rxd4 23. Rad1 Rxd1 24. Rxd1 Bc6 25. Bd6 Bxd6 26. Rxd6 Ke7 27. Nc4 Rc8 28. Rd1 b5 29. axb5 axb5 30. Ne3 g6 31. Ra1 Rc7 32. Bd3 b4 33. Bc4 Rd7 34. Ra6 Bd5 35. Rb6 Bxc4 36. bxc4 Rc7 37. Rxb4 Kd6 38. Rb6+ Rc6 39. Rb7 Rc7 40. Rxc7 Kxc7 41. Kf1 Kc6 42. Ke2 h5 43. Kd3 f5 44. f4 Kd6 45. Kd4 h4 46. c5+ Kc6 47. Nc4 Kd7 48. Ne5+ Kc7 49. Nxg6 Kc6 50. Nxh4 Kb5 51. Nf3 Kc6 52. h4 Kd7 53. h5 1-0

[Event "Schachfestival 2024-Senioren"]
[White "Sombetzki Detlef"]
[Black "Harsch Martin"]
[Site "Bad Woerishofen "]
[Round "1.59"]
[Result "1/2-1/2"]
[Date "2024.03.10"]
[WhiteElo "1719"]
[BlackElo "1942"]
[PlyCount "39"]
[GameId "2118793979052169"]
[EventDate "2024.03.08"]
[WhiteTeam "Bochumer SV 02"]
[BlackTeam "Saanenland"]

1. d4 d5 2. Bf4 Nf6 3. e3 c5 4. c3 Nc6 5. Nf3 Qb6 6. Qc2 Bg4 7. Nbd2 e6 8. Be2 cxd4 9. exd4 Be7 10. O-O O-O 11. Rfe1 Rac8 12. Qb3 Qxb3 13. axb3 a6 14. Bd3 Bh5 15. h3 Bg6 16. Bxg6 hxg6 17. b4 Rfd8 18. Re2 Kf8 19. Bh2 Kg8 20. Bf4 1/2-1/2

[Event "Schachfestival 2024-Senioren"]
[White "Gass Ulrich"]
[Black "Heid Magdalene"]
[Site "Bad Woerishofen "]
[Round "1.60"]
[Annotator "wempe"]
[Result "1/2-1/2"]
[Date "2024.03.10"]
[WhiteElo "1941"]
[BlackElo "1714"]
[PlyCount "86"]
[GameId "2118793979052170"]
[EventDate "2024.03.08"]
[BlackTeam "SC Matt im Park Ffm"]

1. e4 e6 2. d4 d5 3. Nc3 Bb4 4. Nge2 dxe4 5. a3 Be7 6. Nxe4 Nf6 7. N2c3 O-O 8. Be3 Nd5 9. Bd3 Nd7 10. Qe2 Nxc3 11. Nxc3 Nf6 12. Qf3 Nd5 13. Nxd5 exd5 14. O-O-O c6 15. h4 Qd7 16. Qh5 f5 17. Rde1 Qe8 18. Qf3 Qg6 19. Bf4 Bf6 20. Be5 Bd7 21. Bxf6 Qxf6 22. Qf4 Rae8 23. c3 Qg6 24. g3 Qg4 25. f3 Qxf4+ 26. gxf4 g6 27. Re5 Re6 28. Kd2 Kg7 29. h5 Rh8 30. hxg6 hxg6 31. Rxh8 Kxh8 32. c4 Rxe5 33. fxe5 Be6 34. c5 g5 35. b4 g4 36. fxg4 fxg4 37. Ke3 Kg7 38. Kf4 Kh6 39. a4 Kh5 40. Kg3 Kg5 41. b5 Bc8 42. Bh7 Be6 43. Bd3 Bc8 1/2-1/2

[Event "Schachfestival 2024-Senioren"]
[White "Jovi Klaus"]
[Black "Van Amerongen-Jansen Peggy"]
[Site "Bad Woerishofen "]
[Round "1.61"]
[Result "0-1"]
[Date "2024.03.10"]
[WhiteElo "1709"]
[BlackElo "1938"]
[PlyCount "72"]
[GameId "2118793979052171"]
[EventDate "2024.03.08"]
[BlackTeam "SV de Stukkenjagers"]

1. c4 Nf6 2. Nf3 g6 3. g3 Bg7 4. Bg2 O-O 5. O-O d6 6. Nc3 c6 7. e4 Bg4 8. d3 Qc8 9. Bg5 h6 10. Bxf6 Bxf6 11. Qc2 e5 12. Ne1 Na6 13. a3 Nc7 14. f3 Bd7 15. b4 Ne6 16. Ne2 Qc7 17. Kh1 a5 18. Rb1 axb4 19. axb4 Bg7 20. Qb3 Qb6 21. Nc2 Ra7 22. h4 Kh7 23. Bh3 Nd4 24. Nexd4 Bxh3 25. Ne2 Bxf1 26. Rxf1 Qd8 27. Kg2 Qd7 28. Ne3 Rfa8 29. Nc3 h5 30. g4 Bh6 31. g5 Bg7 32. Kg3 f6 33. f4 exf4+ 34. Rxf4 fxg5 35. Rf2 gxh4+ 36. Kxh4 Ra3 0-1

[Event "Schachfestival 2024-Senioren"]
[White "Niesswohl Werner"]
[Black "Bauer Wolfgang"]
[Site "Bad Woerishofen "]
[Round "1.63"]
[Result "0-1"]
[Date "2024.03.10"]
[WhiteElo "1699"]
[BlackElo "1936"]
[PlyCount "58"]
[GameId "2118793979052173"]
[EventDate "2024.03.08"]
[WhiteTeam "SK Auhof"]
[BlackTeam "SC Dillingen"]

1. e4 c5 2. Nf3 Nc6 3. d4 cxd4 4. Nxd4 e5 5. Nf3 Nf6 6. Nc3 Bb4 7. Bd2 O-O 8. a3 Bxc3 9. Bxc3 Nxe4 10. Bd2 d5 11. Be2 Be6 12. c3 Qb6 13. O-O Rad8 14. b4 f6 15. Bd3 Nxd2 16. Qxd2 e4 17. Qf4 exd3 18. Rfe1 Bf7 19. Rad1 Rfe8 20. Rxd3 Rxe1+ 21. Nxe1 Ne5 22. Re3 d4 23. Rh3 Bg6 24. Nf3 dxc3 25. g3 Rd1+ 26. Kg2 Qc6 27. g4 Be4 28. g5 Bxf3+ 29. Rxf3 Qxf3+ 0-1

[Event "Schachfestival 2024-Senioren"]
[White "Semisch Helga"]
[Black "Ellerbrock Manfred"]
[Site "Bad Woerishofen "]
[Round "1.65"]
[Annotator "wempe"]
[Result "0-1"]
[Date "2024.03.10"]
[WhiteElo "1636"]
[BlackElo "1917"]
[PlyCount "62"]
[GameId "2118793979052175"]
[EventDate "2024.03.08"]
[WhiteTeam "Lok meiningen"]
[BlackTeam "TG Forchtenberg"]

1. e4 e5 2. Bc4 Nf6 3. Nf3 Nc6 4. d3 h6 5. O-O Bc5 6. a3 d6 7. b4 Bb6 8. Bb2 Bg4 9. h3 Bh5 10. c3 O-O 11. Nbd2 a6 12. Qc2 Qd7 13. Nh4 Ne7 14. d4 exd4 15. cxd4 c6 16. e5 dxe5 17. dxe5 Nfd5 18. Ne4 Bg6 19. Nxg6 Nxg6 20. Ng3 Qe7 21. Rae1 Rad8 22. Nf5 Qg5 23. Bc1 Ngf4 24. Ng3 Qxg3 25. Qe4 Nxh3+ 26. Kh1 Nxf2+ 27. Rxf2 Bxf2 28. Rf1 Qh4+ 29. Qxh4 Bxh4 30. Rf5 Ne7 31. Rf3 Rd1+ 0-1

[Event "Schachfestival 2024-Senioren"]
[White "Lie Terje"]
[Black "Schmitt Karl"]
[Site "Bad Woerishofen "]
[Round "1.67"]
[Annotator "wempe"]
[Result "0-1"]
[Date "2024.03.10"]
[WhiteElo "1594"]
[BlackElo "1906"]
[PlyCount "112"]
[GameId "2118793979052177"]
[EventDate "2024.03.08"]
[BlackTeam "Bergische Schachfreunde"]

1. d4 d6 2. c4 g6 3. Nc3 Bg7 4. Bf4 Nd7 5. Nf3 e5 6. dxe5 dxe5 7. Bg5 f6 8. Bd2 Nh6 9. Qc1 Nf7 10. g3 c6 11. Bg2 Qc7 12. O-O a5 13. b3 O-O 14. e4 b6 15. Rd1 Nc5 16. Ne1 Bg4 17. f3 Be6 18. Be3 Na6 19. Na4 c5 20. Nc3 Rfd8 21. Nb5 Qe7 22. Nc2 Nb4 23. Bf1 Nc6 24. a4 Nd4 25. Ncxd4 cxd4 26. Bf2 Bh6 27. Qa3 Bf8 28. Qxe7 Bxe7 29. Nc7 Bd7 30. Nxa8 Rxa8 31. f4 Bg4 32. Rd3 Nd6 33. Bg2 Nb7 34. Rb1 Bb4 35. fxe5 fxe5 36. Bxd4 exd4 37. Kh1 Rd8 38. e5 Bf5 39. Rbd1 Bxd3 40. Rxd3 Nc5 41. Bd5+ Kg7 42. Rxd4 Bc3 43. Rf4 Bxe5 44. Rf7+ Kh6 45. Rf3 Bg7 46. Kg2 Rf8 47. g4 Rxf3 48. Kxf3 Kg5 49. Bg8 h6 50. Bf7 Kf6 51. Bd5 g5 52. h3 Ke5 53. Ke3 Nxb3 54. Bf7 Bf8 55. Bd5 Bc5+ 56. Kd3 Nd4 0-1

[Event "Schachfestival 2024-Senioren"]
[White "Helbig Dieter"]
[Black "Walther Renate"]
[Site "Bad Woerishofen "]
[Round "1.68"]
[Annotator "wempe"]
[Result "1/2-1/2"]
[Date "2024.03.10"]
[WhiteElo "1905"]
[BlackElo "1561"]
[PlyCount "51"]
[GameId "2118793979052178"]
[EventDate "2024.03.08"]
[WhiteTeam "SK Weilheim e.V."]
[BlackTeam "SK 1911 Herzogenaurach"]

1. c4 c5 2. Nf3 Nf6 3. Nc3 Nc6 4. e3 e5 5. d3 d6 6. Be2 Bg4 7. O-O Qd7 8. Nd5 Be7 9. a3 O-O 10. Qc2 Rac8 11. Nxe7+ Nxe7 12. b4 b6 13. bxc5 bxc5 14. Rb1 Ng6 15. Bb2 Rfe8 16. Kh1 Bxf3 17. Bxf3 Nh4 18. Qd1 Nxf3 19. Qxf3 Qe6 20. e4 Qg4 21. Qxg4 Nxg4 22. h3 Nf6 23. f4 Nh5 24. Rf3 Nxf4 25. Bc1 Ng6 26. Bd2 1/2-1/2

[Event "Schachfestival 2024-Senioren"]
[White "Beitz Joanne"]
[Black "Ebner Hermann"]
[Site "Bad Woerishofen "]
[Round "1.69"]
[Result "0-1"]
[Date "2024.03.10"]
[WhiteElo "1540"]
[BlackElo "1903"]
[PlyCount "52"]
[GameId "2118793979052179"]
[EventDate "2024.03.08"]
[WhiteTeam "SV 1922 Hilden"]
[BlackTeam "SK Markdorf"]

1. e4 c6 2. d4 d5 3. Nc3 dxe4 4. Nxe4 Nf6 5. Nxf6+ gxf6 6. Ne2 Bg4 7. c3 e6 8. Qb3 Qb6 9. Qc2 Bf5 10. Qd2 h5 11. Ng3 Bh6 12. Qe2 Bg6 13. Bxh6 Rxh6 14. Qd2 Rh8 15. Be2 h4 16. Nf1 Nd7 17. Ne3 O-O-O 18. Nc4 Qc7 19. O-O Nc5 20. Qd1 Qf4 21. b4 Ne4 22. Qa4 Nxc3 23. Qxa7 Nxe2+ 24. Kh1 h3 25. Ne3 hxg2+ 26. Nxg2 Qxh2# 0-1

[Event "Schachfestival 2024-Senioren"]
[White "Pirrot Dieter"]
[Black "Schinnerl Werner"]
[Site "Bad Woerishofen "]
[Round "2.1"]
[Annotator "wempe"]
[Result "1-0"]
[Date "2024.03.10"]
[WhiteElo "2313"]
[BlackElo "1983"]
[PlyCount "67"]
[GameId "2118793979052181"]
[EventDate "2024.03.09"]
[WhiteTeam "SV 1920 Hofheim"]

1. d4 Nf6 2. c4 e6 3. Nf3 b6 4. Nc3 Bb4 5. Bd2 Bb7 6. e3 Bxc3 7. Bxc3 Ne4 8. Rc1 O-O 9. Be2 d6 10. O-O f5 11. c5 Bd5 12. Nd2 Qg5 13. Nxe4 Bxe4 14. Bf3 a5 15. cxd6 cxd6 16. Bxe4 fxe4 17. Qb3 Qd5 18. Qxd5 exd5 19. Bd2 Ra7 20. Rc2 Kf7 21. f3 Ke6 22. Kf2 Raf7 23. Ke2 g6 24. Be1 g5 25. Rg1 h6 26. fxe4 dxe4 27. Bg3 Rd7 28. Rgc1 Na6 29. a3 Rff7 30. Rc6 h5 31. Rxb6 h4 32. d5+ Kxd5 33. Bxd6 Ra7 34. Rd1+ 1-0

[Event "Schachfestival 2024-Senioren"]
[White "Schatz Christian"]
[Black "Nordby Bernt"]
[Site "Bad Woerishofen "]
[Round "2.2"]
[Annotator "wempe"]
[Result "1-0"]
[Date "2024.03.10"]
[WhiteElo "2182"]
[BlackElo "1971"]
[PlyCount "65"]
[GameId "2118793979052182"]
[EventDate "2024.03.09"]
[WhiteTeam "SC Postbauer-Heng e.V"]
[BlackTeam "Fredriksstad Schakselskap"]

1. Nf3 Nf6 2. d4 g6 3. Bg5 Ne4 4. Bh4 Bg7 5. Nbd2 d5 6. e3 Bf5 7. Nxe4 Bxe4 8. Be2 O-O 9. O-O Nd7 10. c3 Nf6 11. Qd3 Qc8 12. Rac1 c6 13. c4 dxc4 14. Qxc4 Bxf3 15. Bxf3 Qd7 16. Rfd1 Rac8 17. Qa4 Rfd8 18. h3 Ra8 19. b3 h6 20. e4 Nh7 21. Qc4 Kf8 22. Bg4 f5 23. exf5 gxf5 24. Bh5 Qd5 25. Qe2 Ng5 26. Bxg5 hxg5 27. Rc5 Qd7 28. Qf3 e6 29. g4 Bxd4 30. gxf5 Bxf2+ 31. Qxf2 Qxd1+ 32. Bxd1 Rxd1+ 33. Kh2 1-0

[Event "Schachfestival 2024-Senioren"]
[White "Scharrer Udo"]
[Black "Luciani Carlo"]
[Site "Bad Woerishofen "]
[Round "2.3"]
[Annotator "wempe"]
[Result "1/2-1/2"]
[Date "2024.03.10"]
[WhiteElo "1986"]
[BlackElo "2162"]
[PlyCount "92"]
[GameId "2118793979117719"]
[EventDate "2024.03.09"]
[WhiteTeam "SC Dicker Turm Esslingen"]

1. d4 Nf6 2. c4 g6 3. Nc3 Bg7 4. e4 d6 5. Be2 O-O 6. Bg5 h6 7. Be3 c5 8. d5 e6 9. f3 exd5 10. cxd5 Na6 11. Qd2 Kh7 12. Bd3 Nc7 13. Nge2 Re8 14. O-O Rb8 15. a4 a6 16. a5 b5 17. axb6 Rxb6 18. Ra2 Qe7 19. Bf2 h5 20. Bh4 Qf8 21. Bg5 Bh6 22. Bxh6 Qxh6 23. Qxh6+ Kxh6 24. Rfa1 c4 25. g4 g5 26. h3 Nd7 27. f4 gxf4 28. Nxf4 Ne5 29. Be2 Bb7 30. Rf1 Rb8 31. Nd3 Nxd3 32. Bxd3 Kg7 33. Rf2 Rb4 34. Ra1 Re8 35. Raf1 Re7 36. Nd1 Rb3 37. Ne3 Bc8 38. Rd2 Nb5 39. Nxc4 Bd7 40. Kg2 f6 41. Ra1 Bc8 42. Ne5 Nd4 43. Rf1 Rb4 44. Nc4 Nb5 45. Rdf2 Rb3 46. Rd2 Re8 1/2-1/2

[Event "Schachfestival 2024-Senioren"]
[White "Daeubler Heinrich"]
[Black "Barten Ralf"]
[Site "Bad Woerishofen "]
[Round "2.4"]
[Annotator "wempe"]
[Result "1-0"]
[Date "2024.03.10"]
[WhiteElo "2140"]
[BlackElo "1963"]
[PlyCount "73"]
[GameId "2118793979117720"]
[EventDate "2024.03.09"]
[WhiteTeam "SF Haselmuehl/Amberg"]
[BlackTeam "SV Schwarz-Weiss Remscheid"]

1. g3 Nf6 2. Bg2 d5 3. Nf3 c5 4. O-O Nc6 5. d4 e6 6. c4 Be7 7. cxd5 Nxd5 8. Nc3 Nxc3 9. bxc3 O-O 10. e4 Bf6 11. Ba3 Be7 12. Bb2 b6 13. d5 Na5 14. Qe2 c4 15. Rad1 Qc7 16. Nd4 a6 17. d6 Qxd6 18. e5 Qb8 19. Bxa8 Qxa8 20. Bc1 Bb7 21. f3 Bc5 22. Be3 Qc8 23. Nc2 Bxe3+ 24. Qxe3 Nc6 25. Rd6 Qc7 26. Rfd1 Rd8 27. Rxd8+ Nxd8 28. Qd4 Nc6 29. Qd6 Qc8 30. Nb4 h6 31. Nxc6 Qxc6 32. Qxc6 Bxc6 33. Kf2 Bd5 34. a4 b5 35. axb5 axb5 36. Rb1 Bc6 37. Ke3 1-0

[Event "Schachfestival 2024-Senioren"]
[White "Gerl Hans Dr."]
[Black "Okrajek Alexander"]
[Site "Bad Woerishofen "]
[Round "2.5"]
[Annotator "wempe"]
[Result "0-1"]
[Date "2024.03.10"]
[WhiteElo "1965"]
[BlackElo "2128"]
[PlyCount "89"]
[GameId "2118793979117721"]
[EventDate "2024.03.09"]
[WhiteTeam "SGem 1882 Fuerth"]
[BlackTeam "SC Siegburg"]

1. d4 Nf6 2. c4 e6 3. Nf3 c5 4. d5 exd5 5. cxd5 d6 6. Nc3 g6 7. e4 Bg7 8. Bb5+ Bd7 9. a4 O-O 10. O-O Bg4 11. h3 Bxf3 12. Qxf3 Nfd7 13. Bf4 Ne5 14. Qd1 Na6 15. Bh2 Nb4 16. f4 Nd7 17. Re1 a6 18. Bf1 Re8 19. Kh1 Rc8 20. a5 Qh4 21. Rc1 Bd4 22. Qg4 Qxg4 23. hxg4 Nf6 24. e5 Nxg4 25. Ne4 Rcd8 26. Bg3 dxe5 27. fxe5 Rxd5 28. Be2 f5 29. Nd6 Rxd6 30. exd6 Ne3 31. Bc4+ Kg7 32. b3 g5 33. Bf2 f4 34. Kg1 Rd8 35. g3 Rxd6 36. Re2 Nc6 37. Rb1 Ne5 38. Bxe3 Bxe3+ 39. Kf1 Nf3 40. Ra1 Nd4 41. Rd1 Rh6 42. Bd5 b6 43. gxf4 Nxe2 44. fxg5 Rh2 45. axb6 0-1

[Event "Schachfestival 2024-Senioren"]
[White "Wegemund Hubert"]
[Black "Bhend Edwin"]
[Site "Bad Woerishofen "]
[Round "2.6"]
[Annotator "wempe"]
[Result "1/2-1/2"]
[Date "2024.03.10"]
[WhiteElo "1963"]
[BlackElo "2113"]
[PlyCount "36"]
[GameId "2118793979117722"]
[EventDate "2024.03.09"]
[WhiteTeam "SK Norderstedt"]
[BlackTeam "Truemmerfeld"]

1. e4 c5 2. Nf3 e6 3. d4 cxd4 4. Nxd4 Bc5 5. Nb3 Bb6 6. Nc3 Ne7 7. g3 O-O 8. Bg2 Nbc6 9. O-O f5 10. exf5 Nxf5 11. Ne4 d5 12. Bg5 Qe8 13. Nec5 a5 14. a4 Ne5 15. c3 Nc4 16. Qe2 h6 17. Bf4 g5 18. Be5 Qf7 1/2-1/2

[Event "Schachfestival 2024-Senioren"]
[White "Wild Helmut"]
[Black "Rubke Manfred"]
[Site "Bad Woerishofen "]
[Round "2.7"]
[Annotator "wempe"]
[Result "1/2-1/2"]
[Date "2024.03.10"]
[WhiteElo "1953"]
[BlackElo "2109"]
[PlyCount "31"]
[GameId "2118793979117723"]
[EventDate "2024.03.09"]
[WhiteTeam "SK Gau-Algesheim"]
[BlackTeam "TSV Haunstetten"]

1. c4 Nf6 2. Nc3 g6 3. e4 d6 4. d4 Bg7 5. f4 O-O 6. Be2 c6 7. Nf3 Qc7 8. O-O Bg4 9. Be3 Kh8 10. Rc1 Nbd7 11. b4 Rad8 12. Qb3 Ng8 13. h3 Bxf3 14. Bxf3 e6 15. d5 a6 16. g4 1/2-1/2

[Event "Schachfestival 2024-Senioren"]
[White "Rauch Uwe"]
[Black "Stern Robert"]
[Site "Bad Woerishofen "]
[Round "2.8"]
[Annotator "wempe"]
[Result "1-0"]
[Date "2024.03.10"]
[WhiteElo "2083"]
[BlackElo "1962"]
[PlyCount "57"]
[GameId "2118793979117724"]
[EventDate "2024.03.09"]
[WhiteTeam "SVG Offenburg"]

1. e4 e6 2. d3 c5 3. Nd2 Nc6 4. c3 g6 5. Ngf3 Bg7 6. Be2 Nge7 7. O-O O-O 8. Re1 d6 9. Nf1 e5 10. Bd2 h6 11. b4 f5 12. Qb3+ Kh7 13. Rad1 Qb6 14. Ne3 f4 15. Nc4 Qc7 16. b5 Na5 17. Nxa5 Qxa5 18. d4 Qc7 19. h3 g5 20. Bc1 g4 21. hxg4 Bxg4 22. dxc5 dxc5 23. Ng5+ hxg5 24. Bxg4 Rad8 25. Rxd8 Rxd8 26. Qf7 Rd1 27. Bf5+ Kh6 28. g4 Bf6 29. Qh7# 1-0

[Event "Schachfestival 2024-Senioren"]
[White "Tscharotschkin Michael"]
[Black "Hafner Robert"]
[Site "Bad Woerishofen "]
[Round "2.9"]
[Annotator "wempe"]
[Result "1-0"]
[Date "2024.03.10"]
[WhiteElo "2062"]
[BlackElo "1953"]
[PlyCount "85"]
[GameId "2118793979117725"]
[EventDate "2024.03.09"]
[WhiteTeam "SF Neckartenzlingen 47"]
[BlackTeam "Admira Villach"]

1. e4 c6 2. d4 d5 3. exd5 cxd5 4. Bd3 Nf6 5. Nf3 Bg4 6. O-O e6 7. Bf4 Nc6 8. c3 Bd6 9. Bxd6 Qxd6 10. Nbd2 O-O 11. Qe1 Bh5 12. Ne5 Bg6 13. Bxg6 hxg6 14. f4 Ne7 15. g4 Ne8 16. Qh4 f6 17. Rf3 Qd8 18. Rh3 fxe5 19. Qh7+ Kf7 20. fxe5 Ng8 21. Nf3 Ke7 22. Qxg6 Nh6 23. Ng5 Qb6 24. Rf1 Rxf1+ 25. Kxf1 Kd7 26. Kg1 Rd8 27. Rf3 Qa6 28. h3 Qc6 29. Kg2 Qa6 30. Kg3 Qc6 31. Nh7 Kc8 32. Nf8 Kb8 33. Qxe6 Nc7 34. Qe7 Qe8 35. Qxg7 Ne6 36. Nxe6 Qxe6 37. Rf6 Qe8 38. Rxh6 Qb5 39. Rh8 Qd3+ 40. Kh4 Rxh8+ 41. Qxh8+ Kc7 42. Qg7+ Kc6 43. Qe7 1-0

[Event "Schachfestival 2024-Senioren"]
[White "Stern Geoffrey"]
[Black "Oberhofer Max"]
[Site "Bad Woerishofen "]
[Round "2.10"]
[Annotator "wempe"]
[Result "1-0"]
[Date "2024.03.10"]
[WhiteElo "1950"]
[BlackElo "2084"]
[PlyCount "71"]
[GameId "2118793979117726"]
[EventDate "2024.03.09"]
[WhiteTeam "Gambit Bonnevoie"]

1. d4 Nf6 2. Nc3 d5 3. Bf4 c5 4. e3 e6 5. Nb5 Na6 6. a4 cxd4 7. exd4 Be7 8. c3 Ne4 9. Bd3 f5 10. Nf3 O-O 11. O-O Bd7 12. Qe2 g5 13. Be5 Be8 14. Nd2 Bg6 15. f3 Nf6 16. Rfe1 Qd7 17. Nb3 Nh5 18. Nc1 Kf7 19. Bc2 Nf6 20. Nd3 Kg8 21. Qd2 Ne8 22. Re2 Nb8 23. Bxb8 a6 24. Ne5 Qc8 25. Nxg6 hxg6 26. Nc7 Nxc7 27. Bxc7 Qxc7 28. Rxe6 Bf6 29. Rae1 Kg7 30. Qf2 Rac8 31. Bb3 Rcd8 32. Qg3 f4 33. Qf2 Rf7 34. Qd2 Rdd7 35. Qd3 Qd8 36. Bc2 1-0

[Event "Schachfestival 2024-Senioren"]
[White "Jahn Peter"]
[Black "Krasnopeyeva Yuliya"]
[Site "Bad Woerishofen "]
[Round "2.11"]
[Annotator "wempe"]
[Result "1/2-1/2"]
[Date "2024.03.10"]
[WhiteElo "2064"]
[BlackElo "1950"]
[PlyCount "75"]
[GameId "2118793979117727"]
[EventDate "2024.03.09"]
[WhiteTeam "Husumer SV"]
[BlackTeam "TSV Schott Mainz"]

1. d4 Nf6 2. Nf3 g6 3. g3 Bg7 4. Bg2 O-O 5. O-O d6 6. b3 c5 7. Bb2 Nc6 8. d5 Nb4 9. c4 Rb8 10. Nbd2 b5 11. a3 Na6 12. Bc3 Bf5 13. Nh4 Bd7 14. e4 e6 15. Qc2 Qb6 16. Qb2 Nh5 17. Bxg7 Nxg7 18. Rab1 bxc4 19. Nxc4 Qc7 20. Rfd1 Bb5 21. Qc3 exd5 22. Rxd5 Bxc4 23. Qxc4 Rb6 24. Bf1 Qe7 25. Qc2 Nc7 26. Rd2 Re8 27. Bg2 Nb5 28. Qc4 Nd4 29. b4 Nge6 30. Nf3 Reb8 31. Rbd1 a5 32. Nxd4 Nxd4 33. Rxd4 cxd4 34. Qxd4 axb4 35. axb4 Qe6 36. Bf1 Qe5 37. Qxe5 dxe5 38. b5 1/2-1/2